|
|
|
|
| LEADER |
01039nam a2200253 a 4500 |
| 001 |
011945085 |
| 008 |
100110s1998 enk 000 0 eng d |
| 020 |
|
|
|a 9780194372114
|a 0194372111
|
| 040 |
|
|
|a StDuBDS
|d UK
|d BD-DhAAL
|
| 082 |
0 |
4 |
|a 306.44
|2 19
|
| 999 |
|
|
|c 6840
|d 6840
|
| 999 |
|
|
|c 6840
|
| 999 |
|
|
|c 6840
|
| 100 |
|
|
|a Spolsky, Bernard.
|9 1737
|
| 245 |
0 |
0 |
|a Sociolinguistics /
|c Bernard Spolsky.
|
| 260 |
|
|
|a Oxford :
|b Oxford University Press,
|c 1998
|
| 300 |
|
|
|a xiii,128 p. ;
|c 20 cm.
|
| 490 |
0 |
|
|a Oxford introductions to language study
|
| 541 |
1 |
|
|e 00016545
|
| 650 |
|
0 |
|a Sociolinguistics.
|9 1738
|
| 852 |
4 |
|
|a Ayesha Abed Library
|j General shelf
|
| 942 |
|
|
|2 ddc
|c BK
|
| 952 |
|
|
|0 0
|1 0
|2 ddc
|4 0
|6 306_440000000000000_SPO_1998
|7 0
|9 7050
|a BRACUL
|b BRACUL
|c GEN
|d 2010-01-11
|l 2
|m 1
|o 306.44 SPO
|p 3010016545
|r 2017-07-31
|s 2017-07-23
|t 1
|w 2010-01-11
|y BK
|
| 952 |
|
|
|0 0
|1 0
|2 ddc
|4 0
|6 306_440000000000000_SPO_1998
|7 0
|9 19322
|a BRACUL
|b BRACUL
|c GEN
|d 2012-01-29
|e Karim International
|g 1425.00
|l 5
|m 7
|o 306.44 SPO
|p 3010024370
|r 2024-12-30
|s 2024-12-12
|t 2
|w 2012-01-29
|y BK
|